[Event "SWE-chT 2122 Elite"]
[Site "Sweden"]
[Date "2022.05.14"]
[Round "8.1"]
[White "Vernersson, Per"]
[Black "Sjodahl, Pontus"]
[Result "0-1"]
[WhiteElo "2253"]
[BlackElo "2410"]
[PlyCount "122"]
[EventDate "2021.12.03"]
[EventType "team-tourn"]
[EventRounds "9"]
[EventCountry "SWE"]
[SourceTitle "EXT 2023"]
[Source "ChessBase"]
[SourceDate "2022.10.05"]
[SourceVersion "1"]
[SourceVersionDate "2022.10.05"]
[SourceQuality "1"]
[WhiteTeam "Eksjo"]
[BlackTeam "Vasteras"]
[WhiteTeamCountry "SWE"]
[BlackTeamCountry "SWE"]

1. d4 Nf6 2. c4 e6 3. Nf3 d5 4. Nc3 Bb4 5. cxd5 exd5 6. Bg5 Qd6 7. Bxf6 Qxf6 8. Qa4+ Nc6 9. e3 0-0 10. Qc2 Bf5 11. Bd3 Ne7 12. Bxf5 Nxf5 13. 0-0 c6 14. Na4 Rfe8 15. a3 Bf8 16. Nc5 Bxc5 17. Qxc5 Nd6 18. Rac1 Re6 19. Qc2 Rae8 20. Qd1 Qf5 21. Ne5 f6 22. Nd3 R6e7 23. b3 h5 24. Nc5 Kf7 25. Qf3 Qg4 26. Rfd1 g5 27. Nd3 Kg6 28. Ne1 Nf5 29. Rd3 Nh4 30. Qd1 Qxd1 31. Rdxd1 Nf5 32. Nd3 h4 33. h3 Nd6 34. a4 Kh5 35. Rc2 Kg6 36. Kh2 Kf5 37. Nc5 a5 38. Nd3 Ra8 39. Nc5 Kg6 40. Nd3 Ne4 41. Nc5 f5 42. Nd3 Kf6 43. Ne5 Rg7 44. f3 Nd6 45. Kg1 Re7 46. Kf2 Nf7 47. Nd3 Nd8 48. Ne5 Ne6 49. Nd3 Rae8 50. Nc1 Ng7 51. Re2 f4 52. exf4 gxf4 53. Rxe7 Rxe7 54. Rd3 Nf5 55. Ne2 Kg5 56. Rd2 Re3 57. Rb2 Rd3 58. b4 Ne3 59. Rb1 axb4 60. Rxb4 Rd1 61. Nc3 Rd2+ 0-1

[Event "SWE-chT 2122 Elite"]
[Site "Sweden"]
[Date "2022.03.18"]
[Round "3.1"]
[White "Lindberg, Bengt"]
[Black "Sjodahl, Pontus"]
[Result "0-1"]
[WhiteElo "2367"]
[BlackElo "2410"]
[PlyCount "82"]
[EventDate "2021.12.03"]
[EventType "team-tourn"]
[EventRounds "9"]
[EventCountry "SWE"]
[SourceTitle "EXT 2023"]
[Source "ChessBase"]
[SourceDate "2022.10.05"]
[SourceVersion "1"]
[SourceVersionDate "2022.10.05"]
[SourceQuality "1"]
[WhiteTeam "Vaxjo"]
[BlackTeam "Vasteras"]
[WhiteTeamCountry "SWE"]
[BlackTeamCountry "SWE"]

1. e4 e6 2. d4 d5 3. Nc3 Bb4 4. e5 c5 5. a3 Bxc3+ 6. bxc3 Qa5 7. Bd2 Qa4 8. Qg4 Kf8 9. Nf3 Ne7 10. Be2 b6 11. 0-0 Ba6 12. Bd3 h6 13. h3 Bxd3 14. cxd3 c4 15. dxc4 Qxc4 16. a4 Nbc6 17. Bc1 Kg8 18. Ba3 Ng6 19. h4 Ncxe5 20. Nxe5 Nxe5 21. Qg3 Nd7 22. Bd6 Rc8 23. Ra3 Rc6 24. Re1 Kh7 25. Re3 Rg8 26. Qf4 a5 27. g4 b5 28. Kh2 b4 29. cxb4 axb4 30. Rab3 Qf1 31. Rg3 Rc1 32. Rg2 Nf6 33. f3 Rgc8 34. Bc5 Ne4 35. Qxc1 Qxc1 36. fxe4 Qf4+ 37. Kh3 dxe4 38. Rxb4 e3 39. Rb1 e5 40. Re1 exd4 41. Bb6 e2 0-1

[Event "Hasselbacken op"]
[Site "Stockholm"]
[Date "2019.11.02"]
[Round "5"]
[White "Roshka, Yevgeniy"]
[Black "Sjodahl, Pontus"]
[Result "1-0"]
[WhiteElo "2415"]
[BlackElo "2440"]
[PlyCount "95"]
[EventDate "2019.11.01"]
[EventType "swiss"]
[EventRounds "8"]
[EventCountry "SWE"]
[SourceTitle "CBM 192 Extra"]
[Source "Chessbase"]
[SourceDate "2019.11.06"]
[SourceVersion "1"]
[SourceVersionDate "2019.11.06"]
[SourceQuality "1"]

1. d4 Nf6 2. c4 e6 3. Nc3 Bb4 4. a3 Bxc3+ 5. bxc3 c5 6. f3 Nc6 7. e4 d6 8. Be3 b6 9. Bd3 e5 10. Ne2 Qc7 11. 0-0 h6 12. Kh1 g5 13. Ng3 Bd7 14. Nf5 Ne7 15. Qe1 Ba4 16. Qg3 Nxf5 17. exf5 0-0-0 18. Rfe1 Rde8 19. Ra2 Nh5 20. Qf2 Re7 21. d5 Nf6 22. Rb2 Qd7 23. Be4 Ree8 24. g4 Reg8 25. h4 Qe7 26. h5 Kc7 27. Reb1 Rb8 28. Qd2 Rb7 29. Kg2 Rhb8 30. Kh3 Nd7 31. Bc2 Bxc2 32. Qxc2 Nf6 33. Qa4 Qd7 34. Rb5 Kd8 35. Qc2 a6 36. R5b2 b5 37. cxb5 axb5 38. Qd2 Ke7 39. Re1 Ra8 40. f4 gxf4 41. Bxf4 Ra4 42. Bxe5 dxe5 43. Rxe5+ Kd8 44. Qxh6 Qd6 45. Rbe2 Rxg4 46. Re8+ Kc7 47. R8e7+ Kb8 48. Qf8+ 1-0

[Event "Deltalift op"]
[Site "Tylosand"]
[Date "2019.06.01"]
[Round "7"]
[White "Ziegler, Ari"]
[Black "Sjodahl, Pontus"]
[Result "0-1"]
[WhiteElo "2300"]
[BlackElo "2435"]
[PlyCount "108"]
[EventDate "2019.05.30"]
[EventType "swiss"]
[EventRounds "8"]
[EventCountry "SWE"]
[SourceTitle "CBM 190 Extra"]
[Source "ChessBase"]
[SourceDate "2019.07.15"]
[SourceVersion "1"]
[SourceVersionDate "2019.07.15"]
[SourceQuality "1"]

1. c4 Nf6 2. Nc3 e6 3. Nf3 d5 4. e3 Be7 5. d4 0-0 6. b3 b6 7. Bd3 Bb7 8. Qc2 c5 9. cxd5 exd5 10. 0-0 Nc6 11. a3 h6 12. Re1 cxd4 13. exd4 Bd6 14. h3 Rc8 15. Bf5 Rc7 16. b4 a5 17. Qb3 axb4 18. Nb5 Re7 19. Rd1 Ba6 20. Nxd6 Qxd6 21. axb4 Be2 22. b5 Bxd1 23. Qxd1 Ra7 24. Rxa7 Nxa7 25. Qb3 Qc7 26. Ba3 Ra8 27. Bd3 Rc8 28. Bb2 Re8 29. g3 Nc8 30. Ne5 Nd6 31. Kg2 Nde4 32. Nc6 Qd7 33. f3 Nd2 34. Qc3 Nc4 35. Bc1 Qe6 36. g4 Qe1 37. Qxe1 Rxe1 38. Bf4 Rd1 39. Bf5 g5 40. Bc7 Rd2+ 41. Kg1 Rb2 42. Bd8 Kg7 43. Ne7 Ne3 44. Bxb6 Ng8 45. Nc6 Rxb5 46. Bd8 Nxf5 47. gxf5 Rb2 48. h4 gxh4 49. Bxh4 Rc2 50. Ne5 f6 51. Ng4 h5 52. Ne3 Rd2 53. Bf2 Rxd4 54. Kg2 Ne7 0-1

[Event "Deltalift op"]
[Site "Tylosand"]
[Date "2019.05.30"]
[Round "3"]
[White "Johnson, Daniel"]
[Black "Sjodahl, Pontus"]
[Result "0-1"]
[WhiteElo "2233"]
[BlackElo "2435"]
[PlyCount "116"]
[EventDate "2019.05.30"]
[EventType "swiss"]
[EventRounds "8"]
[EventCountry "SWE"]
[SourceTitle "CBM 190 Extra"]
[Source "ChessBase"]
[SourceDate "2019.07.15"]
[SourceVersion "1"]
[SourceVersionDate "2019.07.15"]
[SourceQuality "1"]

1. d4 Nf6 2. c4 e6 3. Nc3 Bb4 4. Qc2 0-0 5. Nf3 d5 6. cxd5 exd5 7. Bg5 Qd6 8. e3 Ne4 9. Bf4 Qe7 10. Bd3 Bf5 11. 0-0 Rd8 12. Ne2 Bd6 13. Bxd6 Rxd6 14. Rfc1 c6 15. Ng3 Nxg3 16. hxg3 Bxd3 17. Qxd3 a5 18. Re1 Re6 19. Ne5 Na6 20. Rac1 Nc7 21. Qb3 Nb5 22. a4 Nd6 23. Qa3 h5 24. Nf3 Re8 25. Qc3 Qd8 26. b3 Ne4 27. Qb2 Qb6 28. Qe2 Qb4 29. Ne5 g6 30. Nd3 Qb6 31. Nf4 R6e7 32. Qc2 Kg7 33. Rb1 Rh8 34. b4 axb4 35. Nd3 Ra8 36. Rxb4 Qd8 37. Reb1 Ra7 38. Nc5 Nd6 39. Nd3 Nc4 40. Qe2 Qa8 41. Nc5 Nd6 42. Qc2 Qc8 43. Qe2 Qf5 44. Qf3 Qc8 45. Qe2 Nc4 46. Nd3 b6 47. Rc1 Qe8 48. Nb2 c5 49. dxc5 bxc5 50. Rb3 Kg8 51. Nxc4 dxc4 52. Qxc4 Qxa4 53. Rb8+ Kg7 54. Qc3+ f6 55. Qxc5 Qd7 56. Qc4 Qe6 57. Qf4 Qe5 58. Qc4 Qxb8 0-1

[Event "Lund CellaVision Cup"]
[Site "Lund"]
[Date "2018.08.05"]
[Round "7"]
[White "Vernersson, Per"]
[Black "Sjodahl, Pontus"]
[Result "1/2-1/2"]
[WhiteElo "2290"]
[BlackElo "2404"]
[PlyCount "108"]
[EventDate "2018.08.03"]
[EventType "swiss"]
[EventRounds "8"]
[EventCountry "SWE"]
[SourceTitle "CBM 186 Extra"]
[Source "ChessBase"]
[SourceDate "2018.08.24"]
[SourceVersion "1"]
[SourceVersionDate "2018.08.24"]
[SourceQuality "1"]

1. d4 Nf6 2. c4 e6 3. Nc3 Bb4 4. e3 0-0 5. Bd3 d5 6. a3 Bxc3+ 7. bxc3 c6 8. Ne2 b6 9. 0-0 Ba6 10. cxd5 Bxd3 11. Qxd3 cxd5 12. c4 Nc6 13. f3 dxc4 14. Qxc4 Na5 15. Qd3 Rc8 16. Bd2 Qd5 17. Bxa5 Qxa5 18. Rfc1 Rfd8 19. e4 Qa4 20. Kf2 h6 21. Rc3 Rxc3 22. Qxc3 Qd7 23. Rc1 Kf8 24. Qc7 Ne8 25. Qxd7 Rxd7 26. Ke3 Rc7 27. Rxc7 Nxc7 28. Nc3 Ke7 29. h4 Kd6 30. g4 Kc6 31. Kd3 b5 32. Ne2 a5 33. Kc3 Ne8 34. h5 Nd6 35. Nf4 Nc4 36. a4 Nb6 37. axb5+ Kxb5 38. Nd3 Nc8 39. Ne5 Nd6 40. Kb3 f5 41. exf5 exf5 42. Nd3 a4+ 43. Kc3 fxg4 44. fxg4 Ne4+ 45. Kb2 Kc4 46. Nf4 Kxd4 47. Ne6+ Kc4 48. Ka3 Kb5 49. Nxg7 Nf6 50. Nf5 Nxg4 51. Nd4+ Ka5 52. Nf5 Kb5 53. Nd4+ Ka5 54. Nf5 Kb5 1/2-1/2

[Event "Lund CellaVision Cup"]
[Site "Lund"]
[Date "2018.08.03"]
[Round "4"]
[White "Sjodahl, Pontus"]
[Black "Sivuk, Vitaly"]
[Result "1-0"]
[WhiteElo "2404"]
[BlackElo "2535"]
[PlyCount "116"]
[EventDate "2018.08.03"]
[EventType "swiss"]
[EventRounds "8"]
[EventCountry "SWE"]
[SourceTitle "CBM 186 Extra"]
[Source "ChessBase"]
[SourceDate "2018.08.24"]
[SourceVersion "1"]
[SourceVersionDate "2018.08.24"]
[SourceQuality "1"]

1. d4 d6 2. e4 g6 3. c4 Bg7 4. Nc3 e5 5. Nge2 c6 6. Be3 Na6 7. Qd2 Nf6 8. f3 0-0 9. d5 cxd5 10. cxd5 Bd7 11. Nc1 Nh5 12. Nd3 f5 13. Be2 Nc7 14. 0-0-0 Nb5 15. Nxb5 Bxb5 16. Kb1 Nf6 17. Nc5 dxc5 18. Bxb5 Qd6 19. exf5 gxf5 20. Qc2 Nd7 21. Bxd7 Qxd7 22. Qxc5 Rfc8 23. Qa3 Qb5 24. Qd3 Rc4 25. d6 e4 26. Qd5+ Qxd5 27. Rxd5 f4 28. d7 Bf6 29. Bxf4 exf3 30. Bg5 fxg2 31. Rg1 Bxg5 32. Rxg5+ Kf7 33. R1xg2 Rd8 34. Rg7+ Ke6 35. Rxh7 Re4 36. Rd2 b5 37. Kc2 a5 38. Kd3 Rc4 39. b3 Rc1 40. Re2+ Kd6 41. Rc2 Ra1 42. Kd4 Rd1+ 43. Ke4 a4 44. bxa4 bxa4 45. Rc4 Re1+ 46. Kd3 a3 47. Rd4+ Kc6 48. Kc3 Rb1 49. Rc4+ Kd6 50. Ra4 Rc1+ 51. Kd2 Rg1 52. Rxa3 Rg2+ 53. Ke3 Kc7 54. Rc3+ Kd6 55. a3 Ra2 56. Rd3+ Kc7 57. h4 Rh2 58. Kf4 Rf8+ 1-0

[Event "Deltalift op"]
[Site "Tylosand"]
[Date "2018.05.12"]
[Round "7"]
[White "Sjodahl, Pontus"]
[Black "Lindberg, Bengt"]
[Result "1/2-1/2"]
[WhiteElo "2404"]
[BlackElo "2404"]
[PlyCount "39"]
[EventDate "2018.05.10"]
[EventType "swiss"]
[EventRounds "8"]
[EventCountry "SWE"]
[SourceTitle "CBM 184 Extra"]
[Source "ChessBase"]
[SourceDate "2018.06.28"]
[SourceVersion "1"]
[SourceVersionDate "2018.06.28"]
[SourceQuality "1"]

1. d4 Nf6 2. c4 e6 3. Nc3 Bb4 4. Qc2 d5 5. cxd5 Qxd5 6. e3 c5 7. Bd2 Bxc3 8. Bxc3 cxd4 9. Bxd4 Nc6 10. Bc3 0-0 11. Nf3 Rd8 12. Be2 Qc5 13. Rc1 Nd5 14. Bd2 Qxc2 15. Rxc2 Ndb4 16. Rc4 Nd3+ 17. Bxd3 Rxd3 18. Ke2 Rd8 19. Rhc1 e5 20. Rc5 1/2-1/2

[Event "Deltalift op"]
[Site "Tylosand"]
[Date "2018.05.10"]
[Round "3"]
[White "Sjodahl, Pontus"]
[Black "Sorensen, Hampus"]
[Result "1-0"]
[WhiteElo "2404"]
[BlackElo "2176"]
[PlyCount "87"]
[EventDate "2018.05.10"]
[EventType "swiss"]
[EventRounds "8"]
[EventCountry "SWE"]
[SourceTitle "CBM 184 Extra"]
[Source "ChessBase"]
[SourceDate "2018.06.28"]
[SourceVersion "1"]
[SourceVersionDate "2018.06.28"]
[SourceQuality "1"]

1. d4 d5 2. c4 e6 3. Nc3 Bb4 4. a3 Bxc3+ 5. bxc3 Nf6 6. e3 0-0 7. cxd5 exd5 8. Bd3 c5 9. Ne2 b6 10. 0-0 Ba6 11. Bxa6 Nxa6 12. Qd3 Nc7 13. dxc5 bxc5 14. c4 dxc4 15. Qxc4 Ne6 16. e4 Nd7 17. Be3 Nb6 18. Qb5 Qe7 19. Rfc1 Rfd8 20. a4 Nd4 21. Bxd4 cxd4 22. a5 Nd7 23. Nxd4 Qxe4 24. Nc6 Re8 25. h3 h6 26. Rc4 Qd3 27. Rac1 a6 28. Qb7 Nf8 29. Rd4 Qa3 30. Rcd1 Ne6 31. R4d3 Qc5 32. Rd5 Qa3 33. Rf5 f6 34. Rfd5 Kh8 35. Rd6 Nf4 36. Kh2 Qc5 37. Qb6 Qg5 38. g3 Ng6 39. R6d5 f5 40. Qc5 Qh5 41. R1d2 Rf8 42. Qd4 Qf3 43. Rd6 Kh7 44. Rxg6 1-0